[Event "Budapest SixDays 06 IM-A"]
[Site "Budapest"]
[Date "2024.06.07"]
[Round "8"]
[White "Szalay Ocsak, Bank"]
[Black "Tregubenko, Nikolay"]
[Result "1-0"]
[WhiteElo "2279"]
[BlackElo "2246"]
[PlyCount "61"]
[EventDate "2024.06.03"]
[EventType "tourn"]
[EventRounds "9"]
[EventCountry "HUN"]
[SourceTitle "CB24_2024"]
[SourceDate "2024.06.12"]
[SourceVersion "1"]
[SourceVersionDate "2024.06.12"]
[SourceQuality "1"]

1. e4 c5 2. Nf3 d6 3. Nc3 Nf6 4. e5 dxe5 5. Nxe5 Nbd7 6. d4 e6 7. Bf4 cxd4 8. Qxd4 Bc5 9. Qc4 Qe7 10. Nd3 0-0 11. Nxc5 Nxc5 12. 0-0-0 Ne8 13. Qd4 b6 14. h4 Bb7 15. h5 h6 16. Rh3 Qf6 17. Be5 Qf5 18. g4 Qg5+ 19. Bf4 Qxg4 20. Rg3 Qxh5 21. b4 e5 22. Bxe5 Ne6 23. Qe3 f6 24. Bd6 Nxd6 25. Qxe6+ Nf7 26. Rd7 Bf3 27. Bc4 f5 28. Nd5 Bxd5 29. Bxd5 Rae8 30. Rxf7 Qh1+ 31. Bxh1 1-0

[Event "Budapest SixDays 06 IM-A"]
[Site "Budapest"]
[Date "2024.06.04"]
[Round "3"]
[White "Szalay Ocsak, Bank"]
[Black "Mouhamad, Joachin"]
[Result "1/2-1/2"]
[WhiteElo "2279"]
[BlackElo "2322"]
[PlyCount "136"]
[EventDate "2024.06.03"]
[EventType "tourn"]
[EventRounds "9"]
[EventCountry "HUN"]
[SourceTitle "CB24_2024"]
[SourceDate "2024.06.12"]
[SourceVersion "1"]
[SourceVersionDate "2024.06.12"]
[SourceQuality "1"]

1. e4 c5 2. g3 Nc6 3. Bg2 g6 4. Ne2 Bg7 5. 0-0 d6 6. c3 e5 7. d3 Nge7 8. Be3 0-0 9. d4 cxd4 10. cxd4 exd4 11. Nxd4 d5 12. Nxc6 bxc6 13. Bd4 dxe4 14. Bxg7 Kxg7 15. Bxe4 Rb8 16. Qc1 Qd4 17. Nc3 Be6 18. Rd1 Qe5 19. Bg2 h5 20. h4 Nd5 21. Na4 Bg4 22. Re1 Qf6 23. b3 Nb4 24. Nc5 Rfe8 25. Ne4 Qd4 26. a3 Nd3 27. Qe3 c5 28. Qxd4+ cxd4 29. Reb1 Ne5 30. Nd2 Rbc8 31. Rc1 Rc3 32. Bd5 Nd3 33. Rf1 Rc2 34. Nf3 Rc5 35. Bb7 Rb8 36. Be4 Bxf3 37. Bxf3 Rxb3 38. Rfd1 Ne5 39. Be4 f5 40. Bb1 Nf3+ 41. Kg2 Rcc3 42. Ba2 Rb2 43. Bd5 Nd2 44. Rac1 Rxc1 45. Rxc1 Ne4 46. Rc7+ Kf6 47. Rxa7 Rxf2+ 48. Kg1 Rb2 49. Bc4 Nxg3 50. a4 Rc2 51. Bb5 f4 52. Ra8 Ke7 53. Ra7+ Ke6 54. Ra6+ Ke5 55. Rxg6 Ra2 56. Rg8 Ne2+ 57. Bxe2 Rxa4 58. Re8+ Kf5 59. Rf8+ Ke4 60. Kf2 Ra3 61. Re8+ Kf5 62. Rf8+ Ke4 63. Re8+ Kf5 64. Bxh5 Rh3 65. Rf8+ Ke5 66. Re8+ Kf5 67. Rf8+ Ke5 68. Bg6 Rxh4 1/2-1/2

[Event "Budapest Spring op"]
[Site "Budapest"]
[Date "2024.05.23"]
[Round "1"]
[White "Prohaszka, Peter"]
[Black "Szalay Ocsak, Bank"]
[Result "1-0"]
[WhiteElo "2581"]
[BlackElo "2278"]
[PlyCount "71"]
[EventDate "2024.05.20"]
[EventType "swiss"]
[EventRounds "9"]
[EventCountry "HUN"]
[SourceTitle "CB24_2024"]
[SourceDate "2024.06.12"]
[SourceVersion "1"]
[SourceVersionDate "2024.06.12"]
[SourceQuality "1"]

1. d4 Nf6 2. g3 d5 3. Nf3 g6 4. Bg2 Bg7 5. 0-0 0-0 6. c3 c6 7. a4 a5 8. Nbd2 Nbd7 9. Re1 Nb6 10. Ne5 Nfd7 11. Nxd7 Nxd7 12. e4 dxe4 13. Nxe4 Nf6 14. Nc5 Nd5 15. h4 Qc7 16. h5 Bf5 17. h6 Bf6 18. Qb3 b6 19. Ne4 Bh8 20. Bg5 Rfe8 21. Nd2 Rad8 22. Nc4 Be6 23. Qc2 Bf5 24. Qe2 Be6 25. Rad1 b5 26. axb5 cxb5 27. Ne3 b4 28. Nxd5 Bxd5 29. Bxe7 Qc6 30. Bxd8 Rxe2 31. Rxe2 Bxg2 32. d5 Qa4 33. Rde1 f5 34. Re8+ Kf7 35. R1e7+ Kf6 36. Rg7# 1-0

[Event "Budapest Vezerkepzo GM 04"]
[Site "Budapest"]
[Date "2024.05.01"]
[Round "6"]
[White "Szalay Ocsak, Bank"]
[Black "Berczes, David"]
[Result "0-1"]
[WhiteElo "2210"]
[BlackElo "2418"]
[PlyCount "66"]
[EventDate "2024.04.27"]
[EventType "tourn"]
[EventRounds "9"]
[EventCountry "HUN"]
[EventCategory "6"]
[SourceTitle "CB22_2024"]
[SourceDate "2024.05.29"]
[SourceVersion "1"]
[SourceVersionDate "2024.05.29"]
[SourceQuality "1"]

1. e4 c6 2. Nc3 d5 3. Nf3 Bg4 4. h3 Bxf3 5. Qxf3 Nf6 6. Be2 e6 7. 0-0 Bc5 8. d3 0-0 9. Qg3 Nbd7 10. Kh1 Bd4 11. Bd2 b5 12. Qh4 dxe4 13. dxe4 Nc5 14. Rad1 Nfxe4 15. Qf4 e5 16. Qf3 Nxd2 17. Rxd2 Qg5 18. Rdd1 Qg6 19. a4 a6 20. b4 Ne6 21. Ne4 f5 22. Ng3 e4 23. Qb3 Kh8 24. Bh5 Qf6 25. Nxf5 Be5 26. Ne3 Nd4 27. Qa2 Qg5 28. Bg4 h5 29. c3 Nf3 30. Bxf3 Rxf3 31. Qe6 Raf8 32. Rg1 Rxe3 33. fxe3 Qg3 0-1

[Event "Budapest Vezerkepzo GM 04"]
[Site "Budapest"]
[Date "2024.04.29"]
[Round "3"]
[White "Mayank, Chakraborty"]
[Black "Szalay Ocsak, Bank"]
[Result "1/2-1/2"]
[WhiteElo "2386"]
[BlackElo "2210"]
[PlyCount "43"]
[EventDate "2024.04.27"]
[EventType "tourn"]
[EventRounds "9"]
[EventCountry "HUN"]
[EventCategory "6"]
[SourceTitle "CB22_2024"]
[SourceDate "2024.05.29"]
[SourceVersion "1"]
[SourceVersionDate "2024.05.29"]
[SourceQuality "1"]

1. e4 c5 2. Nf3 d6 3. d4 cxd4 4. Nxd4 Nf6 5. Bd3 Nc6 6. Nxc6 bxc6 7. 0-0 e5 8. c4 Be7 9. Nc3 0-0 10. Qe2 Nd7 11. b4 a5 12. b5 Bb7 13. Ba3 Re8 14. Rfd1 Nf8 15. c5 Ne6 16. bxc6 Bxc6 17. Bb5 Qd7 18. cxd6 Nd4 19. Qe3 Bxd6 20. Bxc6 Qxc6 21. Bxd6 Qxc3 22. Qxc3 1/2-1/2

[Event "Budapest Vezerkepzo GM 04"]
[Site "Budapest"]
[Date "2024.04.29"]
[Round "4"]
[White "Szalay Ocsak, Bank"]
[Black "Plat, Vojtech"]
[Result "0-1"]
[WhiteElo "2210"]
[BlackElo "2506"]
[PlyCount "148"]
[EventDate "2024.04.27"]
[EventType "tourn"]
[EventRounds "9"]
[EventCountry "HUN"]
[EventCategory "6"]
[SourceTitle "CB22_2024"]
[SourceDate "2024.05.29"]
[SourceVersion "1"]
[SourceVersionDate "2024.05.29"]
[SourceQuality "1"]

1. e4 d6 2. d4 Nf6 3. Nc3 e5 4. dxe5 dxe5 5. Qxd8+ Kxd8 6. Bc4 Be6 7. Bxe6 fxe6 8. f3 Nbd7 9. Nh3 a6 10. Nf2 Bd6 11. Be3 Ke7 12. Nb1 b5 13. Nd2 c5 14. c4 Rhc8 15. Ke2 Nb8 16. a4 bxa4 17. Rxa4 Nc6 18. Nd3 Nd7 19. Rha1 a5 20. R4a2 Rab8 21. Kd1 Kf6 22. Ra3 Be7 23. Rb3 Rxb3 24. Nxb3 Nb6 25. Nd2 Nd7 26. Ra3 Rd8 27. Kc2 Nb6 28. b3 Nd7 29. Ra1 Rc8 30. Nb1 Ndb8 31. Nc3 Nd4+ 32. Bxd4 cxd4 33. Nb5 Nc6 34. Kd2 h5 35. Ke2 g5 36. h3 Kg6 37. Kf2 Rd8 38. Nc7 Kf7 39. Nb5 Kf6 40. Ke2 Rg8 41. Rh1 Rh8 42. Kf2 Kf7 43. Ke2 Ke8 44. Kd2 Kd7 45. Ke2 Rg8 46. Ra1 g4 47. hxg4 hxg4 48. Rh1 gxf3+ 49. Kxf3 Bf6 50. Rh7+ Bg7 51. Rh5 Ke7 52. Rh1 Nb4 53. Nxb4 axb4 54. Ra1 Bh6 55. Ra7+ Kf6 56. c5 Bf4 57. c6 Rg3+ 58. Kf2 Rxb3 59. c7 Rb2+ 60. Kf3 Rb3+ 61. Kf2 Rb2+ 62. Ke1 Rb1+ 63. Ke2 Rb2+ 64. Ke1 Rb1+ 65. Ke2 Rb2+ 66. Kf3 Rb3+ 67. Kg4 Rg3+ 68. Kh4 Rg8 69. Nd6 d3 70. Ra1 b3 71. c8Q Rxc8 72. Nxc8 b2 73. Rb1 Bc1 74. Nd6 d2 0-1

[Event "Budapest Vezerkepzo GM 04"]
[Site "Budapest"]
[Date "2024.04.28"]
[Round "2"]
[White "Szalay Ocsak, Bank"]
[Black "Lee, Jun Hyeok"]
[Result "0-1"]
[WhiteElo "2210"]
[BlackElo "2389"]
[PlyCount "114"]
[EventDate "2024.04.27"]
[EventType "tourn"]
[EventRounds "9"]
[EventCountry "HUN"]
[EventCategory "6"]
[SourceTitle "CB22_2024"]
[SourceDate "2024.05.29"]
[SourceVersion "1"]
[SourceVersionDate "2024.05.29"]
[SourceQuality "1"]

1. e4 c5 2. Nf3 d6 3. d4 cxd4 4. Nxd4 Nf6 5. Nc3 a6 6. Bg5 e6 7. f4 h6 8. Bh4 Nbd7 9. Qf3 e5 10. Nf5 exf4 11. Bxf6 Nxf6 12. Qxf4 Bxf5 13. exf5 Be7 14. 0-0-0 0-0 15. Kb1 d5 16. Bc4 Bd6 17. Qd4 dxc4 18. Qxd6 Qxd6 19. Rxd6 Rfe8 20. a4 Re5 21. Rf1 b5 22. Rb6 bxa4 23. Ka2 Nd5 24. Nxd5 Rxd5 25. c3 Rd2 26. Rf4 Rxg2 27. h4 Rc8 28. Ka3 h5 29. Kxa4 Rg4 30. Rxg4 hxg4 31. Rd6 Rc5 32. Rd4 g3 33. f6 g6 34. Rg4 Rh5 35. Kb4 g2 36. Rxg2 Rxh4 37. Rd2 Rf4 38. Rd6 g5 39. Rd5 Rg4 40. Kc5 Kh7 41. Kd6 Kg6 42. Ke5 Rg2 43. Ra5 Rxb2 44. Rxa6 Rf2 45. Ra8 Rf5+ 46. Kd4 Rxf6 47. Kxc4 Rf1 48. Kd3 g4 49. c4 Kg5 50. c5 Rc1 51. Rc8 Kf4 52. Kd2 Rc4 53. Kd3 Re4 54. Ra8 g3 55. c6 Re7 56. Ra1 g2 57. Rc1 f5 0-1

[Event "Budapest Vezerkepzo GM 04"]
[Site "Budapest"]
[Date "2024.04.27"]
[Round "1"]
[White "Bai, Adelard"]
[Black "Szalay Ocsak, Bank"]
[Result "0-1"]
[WhiteElo "2384"]
[BlackElo "2210"]
[PlyCount "110"]
[EventDate "2024.04.27"]
[EventType "tourn"]
[EventRounds "9"]
[EventCountry "HUN"]
[EventCategory "6"]
[SourceTitle "CB22_2024"]
[SourceDate "2024.05.29"]
[SourceVersion "1"]
[SourceVersionDate "2024.05.29"]
[SourceQuality "1"]

1. d4 Nf6 2. c4 e6 3. Nc3 d5 4. cxd5 exd5 5. Bf4 c6 6. e3 Bd6 7. Bxd6 Qxd6 8. Bd3 0-0 9. h3 Re8 10. Nf3 Nbd7 11. 0-0 Ne4 12. Qc2 Ndf6 13. Ne5 Nxc3 14. bxc3 c5 15. Rfb1 g6 16. Qb2 Re7 17. a4 Be6 18. Qa3 Rc8 19. Rb5 a6 20. Rb2 Ne8 21. Qa2 Rec7 22. Qb1 cxd4 23. cxd4 Rc1+ 24. Qxc1 Rxc1+ 25. Rxc1 f6 26. Bxg6 hxg6 27. Nxg6 Qa3 28. Rcb1 Bf5 29. Rb3 Qd6 30. Rb6 Qd8 31. Rxb7 Bxb1 32. Rxb1 Qd7 33. a5 Qh7 34. Rb6 Qxg6 35. Rxa6 Qb1+ 36. Kh2 Qb5 37. Ra8 Qc6 38. Ra7 Nc7 39. f4 f5 40. g4 fxg4 41. hxg4 Kf8 42. Kg3 Ke8 43. g5 Kd8 44. f5 Qc2 45. Rb7 Qxf5 46. Rb8+ Ke7 47. Kh4 Ne6 48. Rb7+ Kd6 49. Rb6+ Kc7 50. Rb3 Qxg5+ 51. Kh3 Qf5+ 52. Kh4 Qf2+ 53. Kg4 Qe2+ 54. Kh4 Qe1+ 55. Kg4 Qd1+ 0-1

[Event "Budapest FS03 IM-2"]
[Site "Budapest"]
[Date "2024.03.23"]
[Round "8"]
[White "Szalay Ocsak, Bank"]
[Black "Ilincic, Zlatko"]
[Result "0-1"]
[WhiteElo "2174"]
[BlackElo "2261"]
[PlyCount "70"]
[EventDate "2024.03.14"]
[EventType "tourn"]
[EventRounds "9"]
[EventCountry "HUN"]
[SourceTitle "CB15_2024"]
[SourceDate "2024.04.10"]
[SourceVersion "1"]
[SourceVersionDate "2024.04.10"]
[SourceQuality "1"]

1. e4 c5 2. Nf3 g6 3. d4 cxd4 4. Nxd4 Bg7 5. c4 Nc6 6. Be3 Nf6 7. Nc3 Ng4 8. Qxg4 Nxd4 9. Qd1 Ne6 10. Qd2 Qa5 11. Rc1 d6 12. Be2 Nc5 13. f3 Be6 14. b3 Rc8 15. 0-0 a6 16. Rfd1 h5 17. Nd5 Qxd2 18. Bxd2 Bh6 19. Ne3 Bd7 20. Kf2 h4 21. Bc3 f6 22. Rc2 Bf4 23. Nf1 g5 24. Bd2 Kf7 25. h3 Be5 26. Ne3 Ne6 27. Rcc1 Bb2 28. Rc2 Ba3 29. b4 Ba4 30. Rb1 a5 31. bxa5 Bxc2 32. Nxc2 Bc5+ 33. Ne3 Nd8 34. Kf1 Ra8 35. Nd5 Ra7 0-1

[Event "Budapest SixDays 01 IM-A"]
[Site "Budapest"]
[Date "2024.01.28"]
[Round "2"]
[White "Szalay Ocsak, Bank"]
[Black "Balla, Tamas Kristof"]
[Result "1/2-1/2"]
[WhiteElo "2165"]
[BlackElo "2283"]
[PlyCount "37"]
[EventDate "2024.01.27"]
[EventType "tourn"]
[EventRounds "9"]
[EventCountry "HUN"]
[SourceTitle "CB06_2024"]
[SourceDate "2024.02.07"]
[SourceVersion "1"]
[SourceVersionDate "2024.02.07"]
[SourceQuality "1"]

1. e4 c5 2. Nf3 g6 3. d4 cxd4 4. Nxd4 Bg7 5. c4 Nc6 6. Be3 Nf6 7. Nc3 d6 8. f3 Nxd4 9. Bxd4 0-0 10. Qd2 Be6 11. Rc1 Qa5 12. Be2 Rfc8 13. b3 a6 14. Be3 b5 15. Nd5 Qxd2+ 16. Kxd2 Nxd5 17. cxd5 Bd7 18. Rxc8+ Rxc8 19. Rc1 1/2-1/2

[Event "Budapest Vezerkepzo IM 12"]
[Site "Budapest"]
[Date "2023.12.14"]
[Round "1"]
[White "Szalay Ocsak, Bank"]
[Black "Krizsany, Laszlo"]
[Result "0-1"]
[WhiteElo "2214"]
[BlackElo "2347"]
[PlyCount "80"]
[EventDate "2023.12.14"]
[EventType "tourn"]
[EventRounds "9"]
[EventCountry "HUN"]
[SourceTitle "CB52_2023"]
[SourceDate "2023.12.27"]
[SourceVersion "1"]
[SourceVersionDate "2023.12.27"]
[SourceQuality "1"]

1. e4 c6 2. Nc3 d5 3. Nf3 Bg4 4. h3 Bh5 5. g4 Bg6 6. exd5 cxd5 7. Ne5 Nc6 8. d4 e6 9. h4 Nxe5 10. dxe5 Bb4 11. h5 Be4 12. Bb5+ Kf8 13. 0-0 Bxc3 14. bxc3 Ne7 15. Be3 Qc7 16. Qd4 h6 17. f3 Bh7 18. c4 a6 19. cxd5 Nxd5 20. Qc5+ Qxc5 21. Bxc5+ Kg8 22. Bc4 Rc8 23. Bxd5 exd5 24. Bd4 Bxc2 25. Rac1 Kh7 26. Rfe1 Rc4 27. e6 fxe6 28. Rxe6 Rf8 29. Kg2 Rf7 30. Rd6 Be4 31. Rxc4 Bxf3+ 32. Kg3 dxc4 33. Kh4 Be2 34. Be5 Re7 35. Bb2 Re3 36. Rd7 c3 37. Bc1 Re4 38. Rxb7 Rxg4+ 39. Kh3 Rc4 40. Ra7 Rc5 0-1

[Event "Titled Tuesday intern op 24th Oct Late"]
[Site "Chess.com INT"]
[Date "2023.10.24"]
[Round "10"]
[White "Szalay Ocsak, Bank"]
[Black "Demina, Marya"]
[Result "1/2-1/2"]
[WhiteElo "2211"]
[BlackElo "1936"]
[PlyCount "80"]
[EventDate "2023.10.24"]
[EventType "swiss (blitz)"]
[EventRounds "11"]
[EventCountry "USA"]
[SourceTitle "Mega2024 Update 01"]
[Source "Chessbase"]
[SourceDate "2023.11.12"]
[SourceVersion "1"]
[SourceVersionDate "2023.11.12"]
[SourceQuality "1"]

1. e4 c6 2. e5 d5 3. exd6 Qxd6 4. Nc3 Nf6 5. Bc4 Bg4 6. Nf3 e6 7. h3 Bh5 8. d4 Nbd7 9. Be3 Nb6 10. Bd3 Nbd5 11. Nxd5 Nxd5 12. Bg5 Be7 13. Bxe7 Qxe7 14. g3 Qf6 15. Be2 0-0-0 16. Ne5 Bxe2 17. Qxe2 h5 18. 0-0-0 h4 19. Kb1 hxg3 20. fxg3 Qe7 21. Rhf1 Rdf8 22. Rd3 Rxh3 23. Rb3 Rh6 24. Nxc6 Qd6 25. Nxa7+ Kb8 26. Qb5 Nb6 27. Qxb6 Qxb6 28. Rxb6 Kxa7 29. Rb3 Rh2 30. Rbf3 f6 31. Re3 Rd8 32. c3 Rd6 33. Rfe1 e5 34. Re4 Rg2 35. g4 exd4 36. cxd4 Rc6 37. R1e2 Rg1+ 38. Re1 Rg2 39. R1e2 Rg1+ 40. Re1 Rg2 1/2-1/2

[Event "Titled Tuesday intern op 24th Oct Late"]
[Site "Chess.com INT"]
[Date "2023.10.24"]
[Round "3"]
[White "Szalay Ocsak, Bank"]
[Black "Sena, Juan Oscar"]
[Result "1-0"]
[WhiteElo "2211"]
[BlackElo "1909"]
[PlyCount "45"]
[EventDate "2023.10.24"]
[EventType "swiss (blitz)"]
[EventRounds "11"]
[EventCountry "USA"]
[SourceTitle "Mega2024 Update 01"]
[Source "Chessbase"]
[SourceDate "2023.11.12"]
[SourceVersion "1"]
[SourceVersionDate "2023.11.12"]
[SourceQuality "1"]

1. e4 e6 2. d4 d5 3. exd5 exd5 4. Nf3 Bd6 5. Bd3 Ne7 6. 0-0 0-0 7. c4 dxc4 8. Bxc4 Nbc6 9. Nc3 Bg4 10. Be3 Nf5 11. h3 Bxf3 12. Qxf3 Nxe3 13. fxe3 Qe7 14. Nd5 Qd7 15. Bd3 Kh8 16. Nf6 Qe6 17. Nxh7 Rfe8 18. Ng5 Qxe3+ 19. Qxe3 Rxe3 20. Nxf7+ Kg8 21. Bc4 Na5 22. Nxd6+ Nxc4 23. Nxc4 1-0